| 000 | 00610nam a2200193Ia 4500 | ||
|---|---|---|---|
| 003 | GCL | ||
| 008 | 140319s9999 xx 000 0 ara d | ||
| 040 |
_aGCL / _cGCL |
||
| 082 | 0 | 4 |
_a940.55 _bن م |
| 100 | 1 | _aنيتهامر, لوتز | |
| 245 | 1 | 0 |
_aما بعد التاريخ: هل انتهى التاريخ ? / _cنيتهامر, لوتز |
| 700 | 1 | _aفاضل جتكر | |
| 300 | _a270 ص | ||
| 490 |
_aالهيئة العامة للاستعلامات _v0 |
||
| 650 | 0 | 4 | _aالتاريخ |
| 650 | 0 | 4 | _aاوربا - الاحوال الثقافية |
| 650 | 0 | 4 | _aاوربا - تاريخ |
| 942 |
_2ddc _cBK |
||
| 999 |
_c48531 _d48531 |
||